Top Athletes of the 21st Century - Statistics

General Stats
  • This quiz has been taken 27 times
  • The average score is 33 of 100
Answer Stats
Sport Country Athlete % Correct
Golf United States Tiger Woods
100%
Track Jamaica Usain Bolt
100%
Soccer Portugal Cristiano Ronaldo
96%
Basketball United States LeBron James
96%
Soccer Argentina Lionel Messi
96%
Swimming United States Michael Phelps
96%
Tennis United States Serena Williams
96%
Gymnastics Unitied States Simone Biles
88%
Tennis United States Venus Williams
88%
Basketball United States Kobe Bryant
83%
Tennis Switzerland Roger Federer
83%
Tennis Serbia Novak Djokovic
79%
Tennis Spain Rafael Nadal
79%
Basketball United States Stephen Curry
79%
Football United States Tom Brady
79%
Basketball United States Shaquille O'Neal
71%
Basketball United States Kevin Durant
67%
Auto Racing United Kingdom Lewis Hamilton
63%
Basketball Greece Giannis Antetokounmpo
58%
Soccer France Kylian Mbappé
58%
Soccer Spain Andrés Iniesta
54%
Tennis United Kingdom Andy Murray
54%
Swimming United States Katie Ledecky
54%
Soccer Croatia Luka Modric
54%
Auto Racing Germany Michael Schumacher
54%
Basketball Serbia Nikola Jokic
54%
Football United States Patrick Mahomes
50%
Soccer Brazil Ronaldinho
50%
Soccer France Zinedine Zidane
50%
Basketball Germany Dirk Nowitzki
42%
Boxing United States Floyd Mayweather
42%
Basketball Canada Steve Nash
42%
Soccer France Thierry Henry
42%
Boxing Philippines Manny Pacquiao
38%
Football United States Peyton Manning
38%
Basketball United States Tim Duncan
38%
Soccer Sweden Zlatan Ibrahimović
38%
Basketball United States Dwayne Wade
33%
Basketball United States James Harden
33%
Hockey Russia Alex Ovechkin
29%
Football United States Calvin Johnson
29%
Basketball United States Chris Paul
29%
Auto Racing United States Jimmie Johnson
29%
MMA United States Jon Jones
29%
Hockey Canada Sidney Crosby
29%
Football United States Aaron Rodgers
25%
Baseball United States Alex Rodriguez
25%
Basketball United States Candace Parker
25%
Baseball United States Derek Jeter
25%
Basketball United States Kevin Garnett
25%
Basketball Australia Lauren Jackson
25%
Snowboarding United States Shaun White
25%
Baseball Japan Shohei Ohtani
25%
Basketball United States Jason Kidd
21%
Soccer Brazil Marta
21%
Soccer United States Mia Hamm
21%
Golf United Kingdom Rory McIlroy
21%
Cricket India Virat Kohli
21%
Basketball United States A'ja Wilson
17%
Hockey Canada Connor McDavid
17%
MMA Canada Georges St-Pierre
17%
Baseball Japan Ichiro Suzuki
17%
Baseball United States Mike Trout
17%
Baseball United States Mookie Betts
17%
Baseball Dominican Republic Pedro Martinez
17%
Golf United States Phil Mickelson
17%
Football United States Randy Moss
17%
Baseball Dominican Republic Albert Pujols
13%
Track United States Allyson Felix
13%
Baseball Dominican Republic David Ortiz
13%
Baseball United States Justin Verlander
13%
Baseball United States Max Scherzer
13%
Football United States Ray Lewis
13%
Football United States Aaron Donald
8%
Soccer Spain Aitana Bonmati
8%
Soccer Spain Alexia Putellas
8%
Baseball United States Bryce Harper
8%
Baseball United States Clayton Kershaw
8%
Basketball United States Diana Taurasi
8%
Football United States J.J Watt
8%
Gymnastics Japan Kohei Uchimura
8%
Baseball Venezuela Miguel Cabrera
8%
Soccer Brazil Ronaldo Nazário
8%
Soccer Spain Xavi Hernandez
8%
Baseball United States Barry Bonds
4%
Basketball United States Lisa Leslie
4%
Skiing United States Mikaela Shiffrin
4%
Baseball United States Roy Halladay
4%
Track Jamaica Shelly-Ann Fraser Pryce
4%
Baseball Dominican Republic Adrian Beltré
0%
Golf Sweden Annika Sorenstam
0%
Boxing United States Bernard Hopkins
0%
United States United States Charles Woodson
0%
Football United States Darrelle Revis
0%
Football United States Ed Reed
0%
Basketball United States Kawhi Leonardd
0%
Baseball Panama Mariano Rivera
0%
Basketball United States Maya Moore
0%
Basketball United States Sheryl Swoopes
0%
Basketball United States Tamika Catchings
0%
No matching quizzes found
Score Distribution
Percent of People with Each Score
Percentile by Number Answered
Your Score History
You have not taken this quiz